000
00448nam a2200181Ia 4500
008
090124s9999 xx 000 0 und d
082
_b
7188
_a
78
100
_a
काणेकर अनंत
245
_a
फांस
250
_a
1
260
_c
1949
300
_a
92
600
_a
काणेकर अनंत
630
_a
फांस
700
_a
काणेकर अनंत
730
_a
फांस
942
_c
BOOK
999
_c
121129
_d
121129